|
|
|
|
| LEADER |
01761nam a2200421Ia 4500 |
| 001 |
EBC454572 |
| 003 |
MiAaPQ |
| 005 |
20200520144314.0 |
| 006 |
m o d | |
| 007 |
cr cn||||||||| |
| 008 |
011114s2002 alu sb s001 0 eng d |
| 010 |
|
|
|z 2001006997
|
| 020 |
|
|
|z 0817311602 (alk. paper)
|
| 020 |
|
|
|z 9780817311605
|
| 035 |
|
|
|a (MiAaPQ)EBC454572
|
| 035 |
|
|
|a (Au-PeEL)EBL454572
|
| 035 |
|
|
|a (CaPaEBR)ebr10309042
|
| 035 |
|
|
|a (OCoLC)427557193
|
| 040 |
|
|
|a MiAaPQ
|c MiAaPQ
|d MiAaPQ
|
| 050 |
|
4 |
|a PS1342.T73
|b M45 2002
|
| 100 |
1 |
|
|a Melton, Jeffrey Alan,
|d 1962-
|
| 245 |
1 |
0 |
|a Mark Twain, travel books, and tourism
|h [electronic resource] :
|b the tide of a great popular movement /
|c Jeffrey Alan Melton.
|
| 260 |
|
|
|a Tuscaloosa :
|b University of Alabama Press,
|c c2002.
|
| 300 |
|
|
|a xv, 200 p.
|
| 490 |
1 |
|
|a Studies in American literary realism and naturalism
|
| 504 |
|
|
|a Includes bibliographical references (p. [183]-196) and index.
|
| 533 |
|
|
|a Electronic reproduction. Ann Arbor, MI : ProQuest, 2015. Available via World Wide Web. Access may be limited to ProQuest affiliated libraries.
|
| 600 |
1 |
0 |
|a Twain, Mark,
|d 1835-1910.
|
| 650 |
|
0 |
|a Americans
|z Foreign countries
|x History
|y 19th century.
|
| 650 |
|
0 |
|a Popular culture
|z United States
|x History
|y 19th century.
|
| 650 |
|
0 |
|a Tourism
|x History
|y 19th century.
|
| 650 |
|
0 |
|a Travel writing
|x History
|y 19th century.
|
| 650 |
|
0 |
|a Travelers' writings, American
|x History and criticism.
|
| 650 |
|
0 |
|a Voyages and travels
|x History
|y 19th century.
|
| 655 |
|
4 |
|a Electronic books.
|
| 710 |
2 |
|
|a ProQuest (Firm)
|
| 830 |
|
0 |
|a Studies in American literary realism and naturalism.
|
| 856 |
4 |
0 |
|u https://ebookcentral.proquest.com/lib/matrademy/detail.action?docID=454572
|z Click to View
|